Bilecik Bilecik Bilecik Bilecik Bilecik

İhracat kredi sigortası semineri, 14-15 Nisan 1981. (Record no. 20231)

MARC details
000 -BAŞLIK
Sabit Uzunluktaki Kontrol Alanı 01383nam a22003857a 4500
001 - KONTROL NUMARASI
Control Dosyası 0020274
003 - KONTROL NUMARASI KİMLİĞİ
Kontrol Alanı KOHA_MİRAKIL
005 - EN SON İŞLEM TARİHİ ve ZAMANI
Kontrol Alanı 20260207002254.0
007 - FİZİKSEL TANIM SABİT ALAN - GENEL BİLGİ
Sabit uzunluklu kontrol alanı ta
008 - SABİT UZUNLUKTAKİ VERİ ÖGELERİ - GENEL BİLGİ
Sabit Alan 100806b1981 tu |||gr||||#||||0|tur |
040 ## - KATALOGLAMA KAYNAĞI
Özgün Kataloglama Kurumu TR-BiSEU
Kataloglama Dili tur
Çeviri Kurumu TR-BiSEU
Açıklama Kuralları rda
041 0# - DİL KODU
Metin ya da ses kaydının dil kodu tur
044 ## - YAYINLAYAN/ÜRETEN KURULUŞUN ÜLKE KODU
ISO country code tu
050 ## - SINIFLAMA ve YER NUMARASI
Sınıflama Numarası HG3754.T8
Yer Numarası I37 1981
111 2# - TOPLANTI ADI
Toplantı Adı İhracat kredi sigortası semineri (1981 : Ankara)
9 (RLIN) 44535
245 1# - ESER ADI BİLDİRİMİ
Başlık İhracat kredi sigortası semineri, 14-15 Nisan 1981.
264 #1 - ÜRERİM, YAYIN, DAĞITIM ve TELİF BİLDİRİMİ
Yayın yeri Ankara :
Yayınlayan A.İ.T.İ.A. Bankacılık ve Sigortacılık Yüksek Okulu
Yayın tarihi 1981
300 ## - FİZİKSEL TANIMLAMA
Sayfa, Cilt vb. 279 sayfa; 21 cm.
336 ## - İÇERİK TÜRÜ
Content type term metin
Content type code txt
Source rdacontent
337 ## - MEDYA TÜRÜ
Media type term aracısız
Media type code n
Source rdamedia
338 ## - TAŞIYICI TÜRÜ
Carrier type term cilt
Carrier type code nc
Source rdacarrier
490 1# - DİZİ BİLDİRİMİ
Dizi Bildirimi Ankara İktisadi ve Ticari İlimler Akademisi yayın ;
Cilt Numarası No.
490 1# - DİZİ BİLDİRİMİ
Dizi Bildirimi 151 Bankacılık ve Sigortacılık Yüksek Okulu yayın ;No.
490 1# - DİZİ BİLDİRİMİ
Dizi Bildirimi 1
650 #0 - KONU BAŞLIĞI EK GİRİŞ - KONU TERİMİ
Konusal terim veya coğrafi ad İhracat kredisi--Türkiye.
9 (RLIN) 33508
650 #0 - KONU BAŞLIĞI EK GİRİŞ - KONU TERİMİ
Konusal terim veya coğrafi ad Sigorta, kredi--Türkiye.
9 (RLIN) 44536
650 #0 - KONU BAŞLIĞI EK GİRİŞ - KONU TERİMİ
Konusal terim veya coğrafi ad Sigorta, ihracat kredisi.
9 (RLIN) 44537
650 #0 - KONU BAŞLIĞI EK GİRİŞ - KONU TERİMİ
Konusal terim veya coğrafi ad Export credit--Turkey.
9 (RLIN) 18347
650 #0 - KONU BAŞLIĞI EK GİRİŞ - KONU TERİMİ
Konusal terim veya coğrafi ad Insurance, credit--Turkey.
9 (RLIN) 44538
650 #0 - KONU BAŞLIĞI EK GİRİŞ - KONU TERİMİ
Konusal terim veya coğrafi ad Insurance, export credit.
9 (RLIN) 44539
830 1# - SERİ EK GİRİŞİ - TEKBİÇİM ESER ADI
Tekbiçim Başlık Ankara İktisadi ve Ticari İlimler Akademisi yayın ;
Volume number/sequential designation No.
9 (RLIN) 16923
830 1# - SERİ EK GİRİŞİ - TEKBİÇİM ESER ADI
Tekbiçim Başlık 151 Bankacılık ve Sigortacılık Yüksek Okulu yayın ;No.
9 (RLIN) 44540
830 1# - SERİ EK GİRİŞİ - TEKBİÇİM ESER ADI
Tekbiçim Başlık 1
9 (RLIN) 2570
942 ## - EK GİRİŞ ÖGELERİ (KOHA)
Source of classification or shelving scheme Library of Congress Classification
Koha item type Book
Holdings
Materyal Türü Kalıcı Konum Mevcut Konum Sınıflandırma Kaynağı Edinim Bilgisi Ana Konular Alt Konular Yer Numarası Demirbaş Numarası Fatura Tarihi Geri Çekilme Durumu Kayıp Durumu Hasarlı Durumu Kredi için değil Kayıt Tarih Toplam Ödünçverme Son Görülme Tarihi Son Kontrol Tarihi Genel / Bağış Notu
Book BŞEÜ Osmaneli MYO Kütüphanesi BŞEÜ Osmaneli MYO Kütüphanesi Library of Congress Classification Bağış SOSYAL BİLİMLER Finans HG3754.T8 I37 1981 0020274 02/02/2026         06/08/2010   27/05/2025 27/05/2025 Genel Bağış